Statistiques concernant Le matériel du métro parisien

Cliquez ici pour prendre le quiz!

Statistiques générales

  • Ce quiz a été pris 47 fois
  • Le résultat moyen est 11 sur 13

Statistiques - réponses

Réponse% Correct
MP 14
97%
MF 77
94%
MF 88
94%
MF 67
92%
MP 05
92%
MP 59
92%
MP 73
92%
MF 01
89%
MP 89 CA
86%
MP 89 CC
86%
MP 55
75%
Sprague-Thomson
75%
Matériel Articulé
56%

Distribution des résultats

Percentile par nombre de réponses

% des personnes avec chaque résultat

Votre développement - résultats

Vous n’avez pas pris ce quiz